Animal Species - Statistics

General Stats
  • This quiz has been taken 77 times
  • The average score is 15 of 21
Answer Stats
Picture Answer % Correct
{Great} {White} Shark
100%
{Emperor} Penguin
93%
{Grizzly} Bear
91%
{Chimpanzee}
90%
{Water} Buffalo
83%
{Blue} Whale
79%
{German} {Shepherd} Dog
79%
{Red} Fox
78%
{Barn} Owl
76%
{Giant} Panda
76%
{Siberian} Tiger
72%
Blue-and-Yellow {Macaw}
69%
{Monarch} Butterfly
69%
{Saltwater} Crocodile
67%
{Axolotl}
66%
{Mallard}
66%
Common {Snapping} Turtle
64%
Common {Leopard} Gecko
55%
{House} Mouse
50%
{Bengal} Cat
45%
{Northwestern} Wolf
7%
No matching quizzes found
Score Distribution
Percent of People with Each Score
Percentile by Number Answered
Your Score History
You have not taken this quiz